PERİLER EMPATİYİ ANLATIYOR (Record no. 915974)

MARC details
000 -LEADER
sabit uzunluktaki kontrol alanı 00262nam a2200097Ia 4500
001 - KONTROL NUMARASI
kontrol alanı 915974
005 - EN SON İŞLEMİN TARİH VE ZAMANI
kontrol alanı 20250826185844.0
008 - SABİT-UZUNLUKTA VERİ ÖĞELERİ--GENEL BİLGİ
sabit uzunluktaki kontrol alanı 250824s9999 xx 000 0 und d
245 #0 - ESER / YAZAR
ESER ADI PERİLER EMPATİYİ ANLATIYOR
Yazar Adı ROSE M CURTO
260 ## - YAYIN, DAĞITIM, VB.
YAYIN EVİ BİNBİR ÇİÇEK YAYINLARI
Holdings
Düşüm durumu Kayıp durumu Hasar Durumu Ödünç verilmez Ana kütüphane Geçerli Kütüphane Edinilen tarih Toplam ödünç verme sayısı Barkod Son görüntüleme tarihi Fiyatın geçerli olmaya başladığı tarih Koha materyal türü
        AHMET PERİHAN DEMİROK İLKOKULU AHMET PERİHAN DEMİROK İLKOKULU 24.08.2025   10374669 26.08.2025 26.08.2025 Books